Sports Quiz

Random Sports or University Quiz

Ivy League Mascots Quiz Stats

 Plays Quiz not verified by Sporcle

Challenge
Share
Tweet
Embed
Score 0/8 Timer 01:00
0 Plays Today
University Mascot % Correct
Princeton UniversityTigers
73.2%
Harvard UniversityCrimson
69.6%
Yale UniversityBulldogs
66.3%
Brown UniversityBears
64.4%
University of PennsylvaniaQuakers
53.6%
Cornell UniversityBig Red
51.8%
Columbia UniversityLions
50.2%
Dartmouth CollegeBig Green
40.6%

You're not logged in!

Compare scores with friends on all Sporcle quizzes.
Join for Free
OR
Log In

You Might Also Like...

Show Comments

Extras

Top Quizzes Today


Score Distribution

Your Account Isn't Verified!

In order to create a playlist on Sporcle, you need to verify the email address you used during registration. Go to your Sporcle Settings to finish the process.

Report this User

Report this user for behavior that violates our Community Guidelines.

Details: